| 000 | 01422nam a22002297a 4500 | ||
|---|---|---|---|
| 005 | 20251206111714.0 | ||
| 008 | 220824b ||||| |||| 00| 0 eng d | ||
| 020 | _a9788125039563 | ||
| 040 | _cAL | ||
| 041 | _aeng | ||
| 082 |
_223 _a823.8 _bHARF |
||
| 100 |
_aThomas Hardy _9248117 |
||
| 245 | _aFar from the madding crowd | ||
| 260 |
_aHyderabad _bOrient Blackswan _c2010 |
||
| 300 |
_axix,178p _bPB _c21x14cm |
||
| 365 |
_2English _a3496 _b195.00 _c₹ _d250.00 _e22% _f09-08-2022 |
||
| 520 | _aThe first of Hardy's great novels, and the first to sound the tragic note for which his best fiction is remembered' Margaret DrabbleThomas Hardy's novel of swift passion and slow courtship is imbued with evocative descriptions of rural life, and with unflinching honesty about sexual relationships. Its heroine, Bathsheba Everdene, takes up her position as a farmer on a large estate, where her confident presence draws three very different suitors: the gentleman-farmer Boldwood, the soldier-seducer Sergeant Troy and the devoted shepherd Gabriel Oak. Each, in contrasting ways, unsettles her decisions and complicates her life, and when tragedy ensues, the stability of the whole community is threatened.Edited with an Introduction and notes by ROSEMARIE MORGAN with SHANNON RUSSELL | ||
| 650 |
_aEnglish Fiction _955447 |
||
| 650 |
_aEnglish Novel _955448 |
||
| 700 |
_aSrinivasan, Seetha Ed _956421 |
||
| 942 |
_2ddc _cBK |
||
| 999 |
_c224484 _d224484 |
||